000 00616nam a2200205Ia 4500
005 20220307101004.0
008 210716s2005 xx 000 0 und d
020 _a8126125225
040 _cAIMIT LIBRARY
041 _aeng
082 _a658
_21
_bAQUP
100 _aAquinas, P G.
_922939
245 _aPrinciples of management:
_bfoundations and realities /
_cBy P G Aquinas.
250 _a1st ed.
260 _aNew Delhi :
_bAnmol Publications Pvt Ltd ,
_c2005 .
300 _axv, 551p. ;
_c21.5 cm.
650 _2Managerial Hierarchy.
650 _2Communication networks.
942 _2ddc
_cBK
_e1st
_k658 AQUP
999 _c199440
_d199440